| 000 | 00627nam a22002057a 4500 | ||
|---|---|---|---|
| 999 |
_c12628 _d12628 |
||
| 003 | AR-CdUCM | ||
| 008 | 190409b ||||| |||| 00| 0 spa d | ||
| 020 | _a978-612-305-056-6 | ||
| 040 |
_aMUNICIPALIDAD PROVINCIAL DEL CUSCO _cBIBLIOTECA MUNICIPAL DEL CUSCO |
||
| 082 |
_aEP / 803 / _bV19 |
||
| 100 |
_aValdelomar, Abraham _9928 |
||
| 245 | _aEl caballero carmelo / | ||
| 260 |
_aLima : _bGrupo editorial peisa sac., _c2014. |
||
| 300 |
_a33 páginas _c20 |
||
| 505 | _aContenido :El caballero carmelo. | ||
| 650 |
_aCuentos peruanos _97 |
||
| 650 |
_aLiteratura _9416 |
||
| 942 |
_2ddc _cLIBROS |
||
| 945 |
_arum _d2019-04-09 |
||